[Event "NZL-ch Rapid 131st"]
[Site "Palmerston North"]
[Date "2024.01.11"]
[Round "2.3"]
[White "Ker, Anthony F"]
[Black "Malcolm, Aidan"]
[Result "1-0"]
[WhiteElo "2249"]
[BlackElo "1562"]
[PlyCount "57"]
[EventDate "2024.01.11"]
[EventType "swiss (rapid)"]
[EventRounds "9"]
[EventCountry "NZL"]
[SourceTitle "CB03_2024"]
[SourceDate "2024.01.17"]
[SourceVersion "1"]
[SourceVersionDate "2024.01.17"]
[SourceQuality "1"]

1. e4 c5 2. Nc3 Nc6 3. Bb5 Nd4 4. Nf3 Nxb5 5. Nxb5 a6 6. Nc3 e6 7. d4 cxd4 8. Qxd4 Qc7 9. Be3 Ne7 10. 0-0-0 Nc6 11. Qb6 Qxb6 12. Bxb6 Be7 13. e5 f5 14. h4 0-0 15. Rd3 Nd8 16. Rhd1 Nf7 17. Kb1 Bxh4 18. Nxh4 Nxe5 19. Rd6 Nc4 20. f4 Nxd6 21. Rxd6 Rf6 22. Nf3 Rh6 23. a4 a5 24. Nb5 Ra6 25. Nc7 Rh1+ 26. Ka2 Rxb6 27. Rxb6 d5 28. Rd6 Kf7 29. Rd8 1-0